| 000 | 00314nam a2200121Ia 4500 | ||
|---|---|---|---|
| 008 | 230907s9999||||xx |||||||||||||| ||und|| | ||
| 082 |
_a155.26 _bWAR |
||
| 100 |
_aWard, Kate. _9116108 |
||
| 245 | 0 | _aPersonality style at work : | |
| 260 |
_aMcGraw-Hill, _bNew York : _c2012 |
||
| 300 | _axiv, 241 p. ; | ||
| 942 | _cBK | ||
| 999 |
_c601075 _d601075 |
||